00666nam a2200217Ia 4500003000400000005001700004008004100021020001900062040000700081041000800088082001300096100002000109245006100129260004500190300000900235650002200244700002200266942001300288999001900301952012800320OSt20250922095714.0250729s2005 xx 000 0 und d a978-8171692255 cAL aeng a370 RAOC aRao V K9222735 aComparitive educaton the methods of analysis and enquiry aNew DelhibCommonwealth Publishersc2005 a280p aEducation9222736 aReddy R S9222737 2ddccBED c235587d235587 00104070aALbALd2025-07-29eSita Book Houseg145.00l0o370 RAOCpBED00906r2025-07-29 16:54:07v145.00w2025-07-29yBK